Proces plánovania, realizácie a vyhodnotenia VIP eventu pri príležitosti otvorenia novej pobočky v podmienkach spoločnosti ČSOB

Gespeichert in:
Bibliographische Detailangaben
1. Verfasser: Ondrisková, Tatiana, 1982-
Format: Buchkapitel
Sprache:Slowakisch
Tags: Tag hinzufügen
Keine Tags, Fügen Sie das erste Tag hinzu!

MARC

LEADER 00000nla$a2200000$$$4500
001 0117202
005 20221207083529.3
041 0 |a slo 
044 |a SK 
245 1 0 |a Proces plánovania, realizácie a vyhodnotenia VIP eventu pri príležitosti otvorenia novej pobočky v podmienkach spoločnosti ČSOB  |c Tatiana Ondrisková 
100 1 |a Ondrisková, Tatiana, 1982-